| Tag |
First Indicator |
Second Indicator |
Subfields |
| LEADER |
00000cam a2200000Ka 4500 |
| 001 |
in00004533613 |
| 005 |
20191205082000.0 |
| 008 |
960422s1995 gw a bm 000 0 ger d |
| 035 |
|
|
|a (OCoLC)ocm34607863
|
| 035 |
|
|
|a (OCoLC)34607863
|
| 035 |
|
|
|z (UtOrBLW)66039
|
| 035 |
|
|
|a 93622
|
| 040 |
|
|
|a IWA
|b eng
|c IWA
|d AGL
|d OCLCQ
|d UtOrBLW
|
| 041 |
0 |
|
|a ger
|b eng
|
| 049 |
|
|
|a TMVM
|
| 100 |
1 |
|
|a Schütz, Anke.
|
| 242 |
0 |
0 |
|a Pathohistological studies of the skin of Rhesus monkeys in capacity (Macaca mulatta) with coat damage.
|y eng
|
| 245 |
1 |
0 |
|a Pathohistologische Untersuchungen an der Haut bei in Gefangenschaft gehaltenen Rhesusaffen (Macaca mulatta) mit Fellschäden /
|c von Anke Schütz.
|
| 264 |
|
1 |
|a [Hannover] :
|b [publisher not identified],
|c [1995?]
|
| 300 |
|
|
|a 109 pages :
|b illustrations ;
|c 21 cm.
|
| 336 |
|
|
|a text
|2 rdacontent
|b txt
|
| 337 |
|
|
|a unmediated
|2 rdamedia
|
| 338 |
|
|
|a volume
|2 rdacarrier
|b nc
|
| 546 |
|
|
|a Summary in English.
|
| 502 |
|
|
|b Dr. med. vet.
|c Tierärztliche Hochschule Hannover
|d 1995.
|
| 504 |
|
|
|a Includes bibliographical references (pages 84-100).
|
| 999 |
|
|
|a MARS
|
| 999 |
f |
f |
|s c9eca1a0-ba8c-3ab8-b39e-e1fbf27d2892
|i a230e829-9753-37a5-8b8f-7f65629f0700
|t 0
|
| 952 |
f |
f |
|p preservation
|a Texas A&M University
|b J.J. Pickle Campus
|c High Density Repository
|d Remote Storage
|t 0
|e German dissertations
|h Other scheme
|i unmediated -- volume
|m 323890248449D
|
| 998 |
f |
f |
|a German dissertations
|t 0
|l Remote Storage
|